[Event "Hamburg-chA"]
[Site "Hamburg"]
[Date "2018.05.21"]
[Round "3"]
[White "Stepien, Tomasz"]
[Black "Spreu, Joerg"]
[Result "0-1"]
[WhiteElo "1578"]
[BlackElo "1488"]
[PlyCount "77"]
[EventDate "2018.05.19"]
[EventType "swiss"]
[EventRounds "7"]
[EventCountry "GER"]
[SourceTitle "EXT 2020"]
[Source "ChessBase"]
[SourceDate "2019.10.17"]
[SourceVersion "1"]
[SourceVersionDate "2019.10.17"]
[SourceQuality "1"]

1. d4 Nf6 2. c4 g6 3. Nc3 d5 4. e3 Bg7 5. Nf3 0-0 6. Bd3 dxc4 7. Bxc4 c5 8. 0-0 cxd4 9. exd4 Qc7 10. Be2 Nc6 11. Be3 Ng4 12. Nd5 Qd6 13. Bc4 Nxe3 14. fxe3 Na5 15. b3 b5 16. Qd2 Nxc4 17. bxc4 bxc4 18. Nc3 Bb7 19. Nb5 Qd7 20. a4 a6 21. Nc3 e6 22. Rad1 Rfd8 23. Qe2 Rac8 24. Ne5 Bxe5 25. dxe5 Qc7 26. Rxd8+ Rxd8 27. Qf2 Rd3 28. Ne2 Rd2 29. Qe1 c3 30. Nf4 Qxe5 31. Rf2 Qd6 32. Rf1 c2 33. Qc1 g5 34. g3 gxf4 35. gxf4 Rg2+ 36. Kh1 Rf2+ 37. Kg1 Rxf1+ 38. Kxf1 Qd1+ 39. Qxd1 0-1

[Event "Hamburg-chB"]
[Site "Hamburg"]
[Date "2014.06.13"]
[Round "5"]
[White "Krueger, Dietrich"]
[Black "Stepien, Tomasz"]
[Result "1-0"]
[WhiteElo "916"]
[BlackElo "1258"]
[PlyCount "73"]
[EventDate "2014.06.07"]
[EventType "swiss"]
[EventRounds "7"]
[EventCountry "GER"]
[SourceTitle "CBM 161 Extra"]
[Source "ChessBase"]
[SourceDate "2014.08.29"]
[SourceVersion "1"]
[SourceVersionDate "2014.08.29"]
[SourceQuality "1"]

1. d4 d5 2. Bg5 c6 3. e3 Bf5 4. Bd3 Bxd3 5. Qxd3 Nd7 6. Nd2 Ngf6 7. f4 e6 8. Ngf3 Be7 9. 0-0 0-0 10. c4 h6 11. Bh4 Nh7 12. Bg3 f5 13. Ne5 Nhf6 14. c5 Nh5 15. Bf2 Rf6 16. Qe2 g6 17. Nxg6 Rxg6 18. Qxh5 Qe8 19. Qh3 Kh7 20. Nf3 Qg8 21. Ne5 Nxe5 22. dxe5 Qf7 23. b4 Rag8 24. g3 Kg7 25. a4 h5 26. Kh1 Rg4 27. Qg2 Kf8 28. Rac1 Qh7 29. b5 Qg7 30. bxc6 bxc6 31. a5 h4 32. Rg1 hxg3 33. Bxg3 Qh7 34. Rb1 Kf7 35. Rb7 a6 36. Rc7 Kg7 37. Rxe7+ 1-0

[Event "Hamburg-chB"]
[Site "Hamburg"]
[Date "2014.06.08"]
[Round "2"]
[White "Zoeller, Henning"]
[Black "Stepien, Tomasz"]
[Result "0-1"]
[WhiteElo "1077"]
[BlackElo "1258"]
[PlyCount "85"]
[EventDate "2014.06.07"]
[EventType "swiss"]
[EventRounds "7"]
[EventCountry "GER"]
[SourceTitle "CBM 161 Extra"]
[Source "ChessBase"]
[SourceDate "2014.08.29"]
[SourceVersion "1"]
[SourceVersionDate "2014.08.29"]
[SourceQuality "1"]

1. e4 c5 2. d4 cxd4 3. c3 Nc6 4. cxd4 e6 5. Nf3 Be7 6. Bd3 d6 7. 0-0 Nf6 8. Qe2 a6 9. a3 0-0 10. b4 e5 11. d5 Na7 12. a4 Bd7 13. h3 Rc8 14. Be3 Nh5 15. Bxa7 Nf4 16. Qe3 Bg5 17. Nxg5 Qxg5 18. Qg3 Qxg3 19. fxg3 Nxd3 20. Nd2 Nxb4 21. Nb3 Rc3 22. Nd2 Rxg3 23. Rf3 Rxf3 24. gxf3 Bxh3 25. Rc1 f5 26. Rc7 b5 27. axb5 axb5 28. Kh2 fxe4 29. Kxh3 exf3 30. Bf2 Nxd5 31. Rd7 Nf4+ 32. Kg4 d5 33. Nxf3 e4 34. Bd4 Ne6 35. Rxd5 exf3 36. Bf2 b4 37. Rb5 g5 38. Rxb4 h5+ 39. Kg3 Nc5 40. Bxc5 Rc8 41. Bd6 Rc3 42. Kf2 h4 43. Rxh4 0-1